Numéros de départements français par régions - Statistiques

Statistiques générales
  • Ce quiz a été pris 27 fois
  • Le résultat moyen est 68 sur 101
Statistiques - réponses
Hint Réponse % Correct
Paris 75
95%
Calvados 14
89%
Seine-Saint-Denis 93
89%
Aisne 02
84%
Bouches-du-Rhône 13
84%
Nord 59
84%
Oise 60
84%
Pas-de-Calais 62
84%
Seine-Maritime 76
84%
Essonne 91
84%
Hauts-de-Seine 92
84%
Val de Marne 94
84%
Ardennes 08
79%
Finistère 29
79%
Corse-du-Sud 2A
79%
Haute-Corse 2B
79%
Moselle 57
79%
Seine-et-Marne 77
79%
Yvelines 78
79%
Somme 80
79%
Var 83
79%
Val d'Oise 95
79%
Ain 01
74%
Allier 03
74%
Alpes Maritimes 06
74%
Aube 10
74%
Eure 27
74%
Hérault 34
74%
Loire Atlantique 44
74%
Maine-et-Loire 49
74%
Manche 50
74%
Marne 51
74%
Mayenne 53
74%
Meurthe-et-Moselle 54
74%
Orne 61
74%
Bas-Rhin 67
74%
Haut-Rhin 68
74%
Rhône 69
74%
Savoie 73
74%
Vosges 88
74%
Charente-Maritime 17
68%
Cher 18
68%
Côte d'Or 21
68%
Côte d'Armor 22
68%
Doubs 25
68%
Eure-et-Loir 28
68%
Ille-et-Vilaine 35
68%
Indre 36
68%
Indre-et-Loire 37
68%
Isère 38
68%
Jura 39
68%
Loir-et-Cher 41
68%
Loire 42
68%
Loiret 45
68%
Morbihan 56
68%
Haute-Savoie 74
68%
Vaucluse 84
68%
Vendée 85
68%
Yonne 89
68%
Martinique 972
68%
Alpes de Haute Provence 04
63%
Ariège 09
63%
Aude 11
63%
Aveyron 12
63%
Cantal 15
63%
Charente 16
63%
Gironde 33
63%
Landes 40
63%
Lot 46
63%
Haute-Marne 52
63%
Meuse 55
63%
Nièvre 58
63%
Sarthe 72
63%
Vienne 86
63%
Haute-Vienne 87
63%
Territoire de Belfort 90
63%
La Réunion 974
63%
Hautes Alpes 05
58%
Ardèche 07
58%
Drome 26
58%
Gard 30
58%
Puy-de-Dôme 63
58%
Pyrénées Atlantiques 64
58%
Guadeloupe 971
58%
Guyane 973
58%
Corrèze 19
53%
Haute-Garonne 31
53%
Gers 32
53%
Haute-Loire 43
53%
Deux-Sèvres 79
53%
Mayotte 976
53%
Lot-et-Garonne 47
47%
Lozère 48
47%
Pyrénées Orientales 66
47%
Saône-et-Loire 71
47%
Tarn 81
47%
Tarn-et-Garonne 82
47%
Creuse 23
42%
Hautes Pyrénées 65
42%
Haute-Saône 70
42%
Dordogne 26
26%
Aucun quiz correspondant
Distribution des résultats
% des personnes avec chaque résultat
Percentile par nombre de réponses
Votre historique - résultats
Vous n’avez pas pris ce quiz